000 00866cab a22001935a 4500
001 L157695
008 130312e2013 xxk 000 0 eng d
035 _a(Sirsi) u157695
041 0 _aeng
110 2 _aPwC
245 0 0 _aUK hotels forecast Update 2013
_h[electronic resource]
260 _c2013
520 _aPredicts 2013 will be a challenging year for the UK hotel market with tough trading conditions due to the weak UK economy and global economic factors. Looks at occupancy, average daily rates, revenue generated and supply and demand issues.
590 _aKA
651 4 _aUnited Kingdom
_y
690 _aCommercial property
_96227
856 4 0 _uhttps://www.pwc.co.uk/hospitality-leisure/publications/pwc-uk-hotels-forecast-update-2013-a-challenging-year-ahead-for-hoteliers.jhtml
_zRegistration required to view report at www.pwc.co.uk
942 _n0
999 _c84434
_d84434